LEADER 02938nam 2200649Ia 450 001 9911020374503321 005 20200520144314.0 010 $a9786612293122 010 $a9781444357165 010 $a1444357166 010 $a9781282293120 010 $a1282293125 010 $a9781444300475 010 $a1444300474 010 $a9781444300482 010 $a1444300482 035 $a(CKB)1000000000715928 035 $a(EBL)416372 035 $a(SSID)ssj0000113426 035 $a(PQKBManifestationID)11139435 035 $a(PQKBTitleCode)TC0000113426 035 $a(PQKBWorkID)10099882 035 $a(PQKB)11271719 035 $a(MiAaPQ)EBC416372 035 $a(OCoLC)352789931 035 $a(Perlego)1006672 035 $a(EXLCZ)991000000000715928 100 $a20080528d2008 uy 0 101 0 $aeng 135 $aur|n|---||||| 181 $ctxt 182 $cc 183 $acr 200 10$aBMAT and UKCAT uncovered $ea guide to medical school entrance exams /$fby T.O. Osinowo, R.A. Weerakkody, H.W. Woodward 210 $aChichester, West Sussex, UK ;$aHoboken, NJ $cBMJ/Wiley-Blackwell$d2008 215 $a1 online resource (340 p.) 300 $aIncludes index. 311 08$a9781405169189 311 08$a1405169184 327 $aContents; Foreword; Preface; Chapter 1 Quantitative Analysis for the BMAT and the UKCAT; Chapter 2 Critical Analysis for the BMAT and the UKCAT; Chapter 3 Scientific Knowledge and Application for the BMAT; Chapter 4 The Writing Task for the BMAT; Chapter 5 Abstract Reasoning for the UKCAT; Chapter 6 Decision Analysis for the UKCAT; Chapter 7 BMAT Practice Papers; Chapter 8 UKCAT Practice Papers; Chapter 9 Solutions; Index; A; B; C; D; E; F; G; H; I; K; L; M; N; P; Q; R; S; T; U; V; W 330 $aContains over one thousand practice questions - worked examples, quick tests, 2 full BMAT-style sample test papers, and 2 full UKCAT-style sample test papers. With the use of admissions tests becoming an increasingly more common part of the selection process for entrance to medical school, BMAT and UKCAT Uncovered is a comprehensive yet accessible guide to the two main tests used by UK medical schools. Written by recent Cambridge graduates, the authors' experience lies in taking these exams themselves and teaching students how to pass them. They combine key strategies for tac 606 $aUK Clinical Aptitude Test$vStudy guides 606 $aBioMedical Admissions Test$vStudy guides 615 0$aUK Clinical Aptitude Test 615 0$aBioMedical Admissions Test 676 $a610.71/141 676 $a610.76 700 $aOsinowo$b T. O$01839328 701 $aWeerakkody$b R. A$01839329 701 $aWoodward$b H. W$g(Harry W.)$01839330 801 0$bMiAaPQ 801 1$bMiAaPQ 801 2$bMiAaPQ 906 $aBOOK 912 $a9911020374503321 996 $aBMAT and UKCAT uncovered$94418524 997 $aUNINA LEADER 06330nam 2200769Ka 450 001 9910960916603321 005 20101115152719.0 010 $a9786612500046 010 $a9781282500044 010 $a128250004X 010 $a9781848558939 010 $a1848558937 035 $a(CKB)1000000000813066 035 $a(EBL)483206 035 $a(OCoLC)607301870 035 $a(SSID)ssj0000356336 035 $a(PQKBManifestationID)11262102 035 $a(PQKBTitleCode)TC0000356336 035 $a(PQKBWorkID)10349887 035 $a(PQKB)11298044 035 $a(Au-PeEL)EBL483206 035 $a(CaPaEBR)ebr10367681 035 $a(CaONFJC)MIL250004 035 $a(UtOrBLW)bslw06329887 035 $a(Perlego)386993 035 $a(MiAaPQ)EBC483206 035 $a(EXLCZ)991000000000813066 100 $a20101115d2009 uy 0 101 0 $aeng 135 $aurun||||||||| 181 $ctxt 182 $cc 183 $acr 200 00$aAdvances in military sociology $eessays in honor of Charles C. Moskos /$fedited by Giuseppe Caforio 205 $a1st ed. 210 $aBingley, UK $cEmerald$d2009 215 $a1 online resource (595 p.) 225 1 $aContributions to conflict management, peace economics and development,$x1572-8323 ;$vv. 12, pt. 2 300 $aIncludes index. 311 08$a9781848558922 311 08$a1848558929 320 $aIncludes bibliographical references and index. 327 $aInstitutionalising European defence : main trends in European public perceptions in the age of the global war on terror / Yantsislav Yanakiev -- Between alliance and home front considerations : the German armed forces and security-related opinion polls / Sabine Collmer -- Managing diversity in all-volunteer forces : theoretical perspectives, institutional assessment and policy implications / Yantsislav Yanakiev -- Women in conflictual situations in the war-torn Darfur, Sudan : an exposition / Oluyemi O. Fayomi -- Gender integration policies in the armed forces : a double-edged sword? / Helena Carreiras -- Women in the military profession : the Greek case / L. Nicolaou-Smokoviti -- Thirty years of gender integration : cadet perceptions of women at the U.S. Air force academy / David R. McCone, Wilbur J. Scott -- Parents voice : the intergenerational relationship, worry, appraisal of the deployment, and support among parents of deployed personnel / Manon Andres, René Moelker -- Military families and deployments abroad in Italy. In search of adequate answers for a new issue / Marina Nuciari, Guido Sertorio -- Pakistani military's role in the Asian context / Riaz Ahmed Shaikh -- End of conscription and problems of manning : the case of Slovenian Armed Forces / Uro Svete, Ljubica Jeluic -- Military educational institutions and their role in the reproduction of inequality in the Philippines / Leslie V. Advincula-Lopez -- A basis of Mongolian defense policy and armed forces for self-defense / Turtogtoh Janar -- Foreign aid, war/military, and state building of cold war Taiwan : in search of a theoretical and comparative framework / Yu-Wen Fan -- From military professionalism to coup d'etat : concordance theory in India and Pakistan / Rebecca L. Schiff -- Whose job, what job? Security sector performance in a local Communist frontline in central Philippines / Rosalie Arcala Hall -- EU harmonisation reforms, democratisation and a new modality of civil-military relations in Turkey / Nilufer Narli -- The convergence and divergence in perceptions of security issues By military professionals and civilians in South Korea / Doo-Seung Hong, Chon-Hwan Chong -- Civilmilitary relations of modern Korea : from a patriarchal army to a professional army / Mahn-Geum Ohn -- Civilmilitary relations of Korea in the 21st Century / Byeong Jo Kim -- General conscription in Finland after 2008 : some reasons behind Finland's population's and conscripts attitudes towards general conscription / Olli Harinen, Jukka Leskinen -- Demilitarizing politics in South Korea : toward a positive consolidation of civilian supremacy / Il Joon Chung -- Changes in military profession in Latin American countries / Omar Gutiérrez -- Slovene public opinion about security issues : a coincidence or a consistent pattern? / Marjan Maleic, Vinko Vegic -- Introduction / Giuseppe Caforio. 330 $aThere could be no better homage to recently deceased sociologist Charles C. Moskos than dedicating to him this selection of the papers presented at RC01's international conference in Seoul (July 2008). It offers an up-to-date view of the panorama of social studies on armed forces and conflict resolution in a context of fast-moving change that renders many preceding theoretical previsions obsolete. Just to cite two aspects of this change, one can point first of all to how the presented studies move beyond the very concept of globalization, after which the conference had been named. It in fact emerged with clarity that the new dimensions of the context in which militaries and military policy must move are those of a constant, diffuse interaction of the 'local' and the 'global', so-called globalization. A second aspect, in the international area, is the shift towards a multipolar global order with the United States, the European Union, China, Russia, Latin America, Japan and India all manoeuvring for position, a shift that has significant consequences on military action as well. 410 0$aContributions to conflict management, peace economics and development ;$vv. 12, pt. 2. 606 $aSocial Science$xGeneral$2bisacsh 606 $aPolitical Science$xPeace$2bisacsh 606 $aHistory$xMilitary$xGeneral$2bisacsh 606 $aCultural studies$2bicssc 606 $aCommunication studies$2bicssc 606 $aMilitary history 606 $aPeace 615 7$aSocial Science$xGeneral. 615 7$aPolitical Science$xPeace. 615 7$aHistory$xMilitary$xGeneral. 615 7$aCultural studies. 615 7$aCommunication studies. 615 0$aMilitary history. 615 0$aPeace. 676 $a306.27 701 $aCaforio$b Guiseppe$01858236 801 0$bUtOrBLW 801 1$bUtOrBLW 906 $aBOOK 912 $a9910960916603321 996 $aAdvances in military sociology$94460298 997 $aUNINA